000 00595cam a22002293a 4500
001 25567
003 PGUSA
005 20140828083541.0
008 080523s2008||||xxu|||||s|||||000 1 eng d
040 _aPGUSA
_beng
042 _adc
050 4 _aPS
100 1 _aCox, Irving E.
245 1 0 _aImpact
_h[electronic resource] /
_cIrving E. Cox
260 _bProject Gutenberg,
_c2008
506 _aPublic domain in the USA.
516 _aElectronic text
653 _aScience fiction
830 0 _aProject Gutenberg
_v25567
856 4 0 _uhttp://www.gutenberg.org/ebooks/25567
942 _cEB
999 _c254822
_d254822